000 00402nam a2200145Ia 4500
008 100204s9999 xx 000 0 und d
082 _b25883
100 _aकर्जोदकर अनिल
245 _aजाणीव
260 _bजाणीव प्रकाशन वाशी
_c2003
300 _a112
630 _aजाणीव
730 _aजाणीव
942 _cBOOK
999 _c471068
_d471065